00257nam a22001097a 4500020001400000040000900014082001500023100001700038245002300055260004600078650002300124 a969351369 cNUST a923.4bJAV a Javed Iqbal aApna Gareban Chaak aLahore:bSang e Meel Publications,c2003. 2Apna Gareban Chaak